It looks like you're offline.
Open Library logo
additional options menu

MARC record from Internet Archive

LEADER: 01126cam 2200313Ia 4500
001 ocm32366558
003 OCoLC
005 20190615043111.0
008 950425s1987 nyua j 000 0 eng d
040 $aLPU$beng$cLPU$dOCLCQ$dOCLCF$dOCLCQ$dOCLCO
020 $a0022875107
020 $a9780022875107
035 $a(OCoLC)32366558
100 1 $aSmith, Carl Bernard.
245 10 $aMacmillan spelling [grade 5] /$csenior author, Carl B. Smith ; author, Sheila Irvin.
260 $aNew York :$bMacmillan Pub. Co. ;$aLondon :$bCollier-Macmillan,$c℗♭1987.
300 $aiv, 187 pages :$bcolor illustrations ;$c24 cm.
336 $atext$btxt$2rdacontent
337 $aunmediated$bn$2rdamedia
338 $avolume$bnc$2rdacarrier
490 1 $aSeries S Macmillan spelling
650 0 $aEnglish language$xOrthography and spelling.
650 0 $aSpellers.
650 7 $aEnglish language$xOrthography and spelling.$2fast$0(OCoLC)fst00911459
650 7 $aSpellers.$2fast$0(OCoLC)fst01129497
700 1 $aIrvin, Sheila.
830 0 $aSeries S Macmillan spelling.
994 $aZ0$bP4A
948 $hNO HOLDINGS IN P4A - 3 OTHER HOLDINGS